000 00601nam a2200181Ia 4500
008 100921s9999 xx 000 0 und d
082 _b36309
_a891.433 0
100 _aपंडित शिवा.
245 _aखुनी कोठी.
260 _bशिवा पॉकेट बुक्स,मेरठ.
_c0
300 _a239
_b---
365 _b20
520 _aललित -हिंदी-कथा,कादं.
630 _aखुनी कोठी.
650 _aललित -हिंदी-कथा,कादं.
730 _aखुनी कोठी.
942 _cBOOK
999 _c785422
_d785419